000 00641nam a2200241Ia 4500
003 OSt
005 20220912145458.0
006 a|||||r|||| 00| 0
007 ta
008 220909b |||||||| |||| 00| 0 eng d
024 _a67998
037 _cTextual
040 _aCSL
_beng
_cCSL
041 _aeng
082 _aD2u7351, J8
100 _aNath B
245 0 _aImpressions of a study tour in california during the international congress on irrigation drainage
260 _c1958
300 _ap.
_ccm.
650 _aIrrigation engineering
942 _hD2u7351, J8
_cTEXL
_2CC
999 _c32756
_d32756